Education and economic and social development in Latin America /

Sparad:
Bibliografiska uppgifter
Huvudupphovsman: Jallade, Jean-Pierre
Materialtyp: Text
Taggar: Lägg till en tagg
Inga taggar, Lägg till första taggen!

MARC

LEADER 00000 a a2200000 04500
001 45641
003
040 |a CRAI/IIS  |c CRAI/IIS 
100 |a Jallade, Jean-Pierre  
245 |a Education and economic and social development in Latin America /  |c Jean-Pierre Jallade  
773 |g páginas 59-80 : tablas  
999 |c 18332  |d 18332